[Event "DVM U10 2023"]
[Site "Magdeburg GER"]
[Date "2023.12.29"]
[Round "7"]
[White "Theelke, Luiz"]
[Black "Klofta, Jona"]
[Result "1-0"]
[Termination "normal"]
[Board "6.3"]
[WhiteElo "1054"]
[BlackElo "936"]
[WhiteClock "00:09:58"]
[BlackClock "00:25:59"]
[WhiteTeam "SK Weisse Dame Hamburg"]
[BlackTeam "SK Johanneum Eppendorf"]
[PlyCount "123"]
[EventCountry "GER"]
[EventRounds "7"]
[EventType "team-swiss"]
[EventDate "2023.12.27"]

1. e4 {[%clk 00:55:09]} {[%emt 00:00:01]} d5 {[%clk 00:55:09]} {[%emt
00:00:01]} 2. exd5 {[%emt 00:00:06]} Nf6 {[%clk 00:55:06]} {[%emt 00:00:06]} 3.
d4 {[%clk 00:55:10]} {[%emt 00:00:05]} Nxd5 {[%clk 00:55:06]} {[%emt 00:00:06]}
4. c4 {[%clk 00:54:58]} {[%emt 00:00:17]} Nf6 {[%clk 00:55:06]} {[%emt
00:00:03]} 5. Nf3 {[%clk 00:54:29]} {[%emt 00:00:35]} c5 {[%clk 00:54:48]}
{[%emt 00:00:23]} 6. Be2 {[%clk 00:53:41]} {[%emt 00:00:53]} Nc6 {[%clk
00:54:34]} {[%emt 00:00:19]} 7. Be3 {[%clk 00:53:32]} {[%emt 00:00:13]} cxd4
{[%clk 00:54:24]} {[%emt 00:00:16]} 8. Nxd4 {[%clk 00:53:25]} {[%emt 00:00:12]}
Bd7 {[%clk 00:53:21]} {[%emt 00:01:08]} 9. O-O {[%clk 00:52:49]} {[%emt
00:00:42]} e5 {[%clk 00:53:16]} {[%emt 00:00:09]} 10. Nxc6 {[%clk 00:50:47]}
{[%emt 00:02:06]} Bxc6 {[%clk 00:53:12]} {[%emt 00:00:09]} 11. Nc3 {[%clk
00:50:46]} {[%emt 00:00:07]} Be7 {[%clk 00:52:59]} {[%emt 00:00:17]} 12. b3
{[%clk 00:50:28]} {[%emt 00:00:25]} O-O {[%clk 00:52:48]} {[%emt 00:00:16]} 13.
f4 {[%clk 00:47:00]} {[%emt 00:03:32]} Qc7 {[%clk 00:51:43]} {[%emt 00:01:09]}
14. Qc2 {[%clk 00:44:35]} {[%emt 00:02:31]} Bd6 {[%clk 00:51:12]} {[%emt
00:00:35]} 15. c5 {[%clk 00:35:43]} {[%emt 00:08:57]} Nd5 {[%clk 00:48:56]}
{[%emt 00:02:22]} 16. Nxd5 {[%clk 00:34:30]} {[%emt 00:01:19]} Bxd5 {[%clk
00:48:48]} {[%emt 00:00:11]} 17. Rad1 {[%clk 00:32:56]} {[%emt 00:01:39]} Bxg2
{[%clk 00:46:28]} {[%emt 00:02:25]} 18. Kxg2 {[%clk 00:29:51]} {[%emt
00:03:11]} Rfd8 {[%clk 00:45:39]} {[%emt 00:00:53]} 19. Rd2 {[%clk 00:28:28]}
{[%emt 00:01:29]} Rac8 {[%clk 00:44:20]} {[%emt 00:01:24]} 20. Rc1 {[%clk
00:27:45]} {[%emt 00:00:48]} Be7 {[%clk 00:43:55]} {[%emt 00:00:29]} 21. Qe4
{[%clk 00:26:12]} {[%emt 00:01:38]} Rxd2 {[%clk 00:41:38]} {[%emt 00:02:22]}
22. Bxd2 {[%clk 00:26:07]} {[%emt 00:00:11]} Qd7 {[%clk 00:41:04]} {[%emt
00:00:38]} 23. Be3 {[%clk 00:25:51]} {[%emt 00:00:21]} exf4 {[%clk 00:40:32]}
{[%emt 00:00:37]} 24. Qxf4 {[%clk 00:25:25]} {[%emt 00:00:31]} Qc6+ {[%clk
00:40:22]} {[%emt 00:00:15]} 25. Bf3 {[%clk 00:25:06]} {[%emt 00:00:25]} Qg6+
{[%clk 00:39:58]} {[%emt 00:00:28]} 26. Qg4 {[%clk 00:24:42]} {[%emt 00:00:31]}
Rc6 {[%clk 00:38:46]} {[%emt 00:01:16]} 27. Qxg6 {[%clk 00:23:56]} {[%emt
00:00:50]} Rxg6+ {[%clk 00:38:38]} {[%emt 00:00:13]} 28. Kf2 {[%clk 00:23:42]}
{[%emt 00:00:20]} Bh4+ {[%clk 00:38:33]} {[%emt 00:00:10]} 29. Ke2 {[%clk
00:23:23]} {[%emt 00:00:24]} Re6 {[%clk 00:38:25]} {[%emt 00:00:11]} 30. Kd3
{[%clk 00:22:22]} {[%emt 00:01:08]} Re7 {[%clk 00:37:43]} {[%emt 00:00:47]} 31.
c6 {[%clk 00:21:59]} {[%emt 00:00:28]} bxc6 {[%clk 00:37:27]} {[%emt 00:00:20]}
32. Rxc6 {[%clk 00:21:56]} {[%emt 00:00:09]} g6 {[%clk 00:36:27]} {[%emt
00:01:05]} 33. Rc8+ {[%clk 00:21:12]} {[%emt 00:00:50]} Kg7 {[%clk 00:36:24]}
{[%emt 00:00:07]} 34. Bd4+ {[%clk 00:21:00]} {[%emt 00:00:17]} f6 {[%clk
00:35:59]} {[%emt 00:00:30]} 35. Rc6 {[%clk 00:19:09]} {[%emt 00:01:56]} Rd7
{[%clk 00:34:57]} {[%emt 00:01:08]} 36. Kc4 {[%clk 00:19:00]} {[%emt 00:00:12]}
Rd8 {[%clk 00:34:20]} {[%emt 00:00:43]} 37. Rc7+ {[%clk 00:18:43]} {[%emt
00:00:23]} Kh6 {[%clk 00:34:17]} {[%emt 00:00:07]} 38. Be3+ {[%clk 00:18:26]}
{[%emt 00:00:23]} g5 {[%clk 00:33:55]} {[%emt 00:00:26]} 39. Be4 {[%clk
00:18:15]} {[%emt 00:00:15]} Kh5 {[%clk 00:33:09]} {[%emt 00:00:52]} 40. h3
{[%clk 00:17:59]} {[%emt 00:00:21]} h6 {[%clk 00:32:55]} {[%emt 00:00:18]} 41.
Bd5 {[%clk 00:16:34]} {[%emt 00:01:32]} Bg3 {[%clk 00:32:27]} {[%emt 00:00:32]}
42. Rh7 {[%clk 00:15:11]} {[%emt 00:01:26]} Rc8+ {[%clk 00:32:02]} {[%emt
00:00:31]} 43. Bc5 {[%clk 00:15:09]} {[%emt 00:00:08]} Kg6 {[%clk 00:31:23]}
{[%emt 00:00:43]} 44. Rxa7 {[%clk 00:14:59]} {[%emt 00:00:16]} Bf2 {[%clk
00:30:50]} {[%emt 00:00:37]} 45. b4 {[%clk 00:14:54]} {[%emt 00:00:10]} h5
{[%clk 00:29:34]} {[%emt 00:01:21]} 46. Be4+ {[%clk 00:14:43]} {[%emt
00:00:16]} f5 {[%clk 00:29:05]} {[%emt 00:00:35]} 47. Bxf5+ {[%clk 00:13:31]}
{[%emt 00:01:18]} Kxf5 {[%emt 00:00:39]} 48. Rf7+ {[%emt 00:00:05]} Kg6 {[%clk
00:27:47]} {[%emt 00:00:38]} 49. Rxf2 {[%clk 00:13:30]} {[%emt 00:00:05]} g4
{[%clk 00:27:45]} {[%emt 00:00:08]} 50. hxg4 {[%clk 00:12:51]} {[%emt
00:00:43]} hxg4 {[%clk 00:27:41]} {[%emt 00:00:08]} 51. a4 {[%clk 00:12:13]}
{[%emt 00:00:45]} Kh5 {[%clk 00:27:28]} {[%emt 00:01:11]} 52. a5 {[%clk
00:11:50]} {[%emt 00:00:27]} g3 {[%clk 00:27:22]} {[%emt 00:00:12]} 53. Rf8
{[%clk 00:11:26]} {[%emt 00:00:28]} Rc7 {[%clk 00:26:57]} {[%emt 00:00:29]} 54.
Rg8 {[%clk 00:11:20]} {[%emt 00:00:11]} Kh4 {[%clk 00:26:34]} {[%emt 00:00:29]}
55. b5 {[%clk 00:11:11]} {[%emt 00:00:15]} Kh3 {[%clk 00:26:26]} {[%emt
00:00:11]} 56. a6 {[%clk 00:11:06]} {[%emt 00:00:11]} Kh2 {[%clk 00:26:19]}
{[%emt 00:00:12]} 57. b6 {[%clk 00:10:42]} {[%emt 00:00:29]} Rxc5+ {[%clk
00:26:15]} {[%emt 00:00:09]} 58. Kxc5 {[%clk 00:10:40]} {[%emt 00:00:08]} g2
{[%clk 00:26:15]} {[%emt 00:00:04]} 59. Rxg2+ {[%clk 00:10:39]} {[%emt
00:00:06]} Kxg2 {[%clk 00:26:08]} {[%emt 00:00:12]} 60. b7 {[%clk 00:10:33]}
{[%emt 00:01:09]} Kg1 {[%clk 00:25:59]} {[%emt 00:00:13]} 61. b8=Q {[%emt
00:00:10]} Kh1 {[%emt 00:00:17]} 62. Qg8 {[%clk 00:09:58]} {[%emt 00:00:14]}
1-0

[Event "DVM U10 2023"]
[Site "Magdeburg GER"]
[Date "2023.12.29"]
[Round "7"]
[White "Leibold, Neels"]
[Black "Hausberg, Thomas"]
[Result "0-1"]
[Termination "normal"]
[Board "6.4"]
[WhiteElo "956"]
[BlackElo "1063"]
[WhiteClock "00:33:20"]
[BlackClock "00:43:30"]
[WhiteTeam "SK Johanneum Eppendorf"]
[BlackTeam "SK Weisse Dame Hamburg"]
[PlyCount "74"]
[EventCountry "GER"]
[EventRounds "7"]
[EventType "team-swiss"]
[EventDate "2023.12.27"]

1. e4 {[%clk 00:55:09]} {[%emt 01:05:16]} e5 {[%clk 00:55:03]} {[%emt
00:00:07]} 2. Nf3 {[%clk 00:55:10]} {[%emt 00:00:04]} Nc6 {[%clk 00:55:03]}
{[%emt 00:00:05]} 3. Bc4 {[%clk 00:55:13]} {[%emt 00:00:02]} Bc5 {[%clk
00:54:56]} {[%emt 00:00:12]} 4. c3 {[%clk 00:55:04]} {[%emt 00:00:15]} Nf6
{[%clk 00:54:54]} {[%emt 00:00:07]} 5. d3 {[%clk 00:55:04]} {[%emt 00:00:05]}
a6 {[%clk 00:54:51]} {[%emt 00:00:08]} 6. Nbd2 {[%clk 00:55:00]} {[%emt
00:00:07]} d6 {[%emt 00:00:09]} 7. O-O {[%clk 00:54:28]} {[%emt 00:00:34]} O-O
{[%clk 00:54:50]} {[%emt 00:00:06]} 8. Bb3 {[%clk 00:54:24]} {[%emt 00:00:08]}
Ba7 {[%clk 00:54:38]} {[%emt 00:00:18]} 9. Re1 {[%clk 00:54:13]} {[%emt
00:00:15]} Ne7 {[%clk 00:54:38]} {[%emt 00:00:07]} 10. Nf1 {[%clk 00:53:49]}
{[%emt 00:00:25]} Ng6 {[%clk 00:54:37]} {[%emt 00:00:09]} 11. Ng3 {[%clk
00:53:35]} {[%emt 00:00:18]} c6 {[%clk 00:54:38]} {[%emt 00:00:05]} 12. d4
{[%clk 00:52:51]} {[%emt 00:00:48]} Re8 {[%clk 00:54:17]} {[%emt 00:00:26]} 13.
Be3 {[%clk 00:48:29]} {[%emt 00:04:27]} c5 {[%clk 00:53:31]} {[%emt 00:00:52]}
14. d5 {[%clk 00:47:41]} {[%emt 00:00:52]} Nf4 {[%clk 00:52:37]} {[%emt
00:01:00]} 15. Nf5 {[%clk 00:47:01]} {[%emt 00:00:44]} Qc7 {[%clk 00:51:26]}
{[%emt 00:01:17]} 16. Qd2 {[%clk 00:45:39]} {[%emt 00:01:25]} c4 {[%clk
00:50:59]} {[%emt 00:00:35]} 17. Bxa7 {[%clk 00:44:56]} {[%emt 00:00:47]} Rxa7
{[%clk 00:50:56]} {[%emt 00:00:08]} 18. Qe3 {[%clk 00:44:48]} {[%emt 00:00:13]}
Ra8 {[%clk 00:50:48]} {[%emt 00:00:14]} 19. Bc2 {[%clk 00:44:32]} {[%emt
00:00:19]} b6 {[%clk 00:48:33]} {[%emt 00:02:20]} 20. b3 {[%clk 00:43:42]}
{[%emt 00:00:55]} Bxf5 {[%clk 00:48:21]} {[%emt 00:00:17]} 21. exf5 {[%emt
00:00:10]} N6xd5 {[%emt 00:00:11]} 22. Qe4 {[%clk 00:42:40]} {[%emt 00:00:47]}
Nf6 {[%clk 00:47:43]} {[%emt 00:00:42]} 23. Qxc4 {[%clk 00:42:01]} {[%emt
00:00:44]} Qxc4 {[%clk 00:47:34]} {[%emt 00:00:15]} 24. bxc4 {[%emt 00:00:11]}
Rac8 {[%emt 00:00:10]} 25. Ba4 {[%clk 00:41:20]} {[%emt 00:00:24]} Red8 {[%clk
00:47:28]} {[%emt 00:00:12]} 26. Bb3 {[%clk 00:40:37]} {[%emt 00:00:46]} e4
{[%clk 00:47:15]} {[%emt 00:00:20]} 27. Nd2 {[%clk 00:40:22]} {[%emt 00:00:19]}
Re8 {[%clk 00:46:54]} {[%emt 00:00:27]} 28. Ba4 {[%clk 00:39:27]} {[%emt
00:01:01]} Re7 {[%clk 00:46:48]} {[%emt 00:00:10]} 29. Bb3 {[%clk 00:38:57]}
{[%emt 00:00:34]} Rce8 {[%clk 00:45:48]} {[%emt 00:01:05]} 30. Ba4 {[%clk
00:38:50]} {[%emt 00:00:13]} Rd8 {[%clk 00:45:32]} {[%emt 00:00:19]} 31. f3
{[%clk 00:38:41]} {[%emt 00:00:14]} e3 {[%clk 00:45:17]} {[%emt 00:00:22]} 32.
Rad1 {[%clk 00:37:03]} {[%emt 00:01:43]} e2 {[%emt 00:00:24]} 33. Rc1 {[%emt
00:00:25]} Nd3 {[%clk 00:44:25]} {[%emt 00:00:08]} 34. Rb1 {[%clk 00:35:37]}
{[%emt 00:01:31]} Nxe1 {[%clk 00:44:14]} {[%emt 00:00:16]} 35. Rxe1 {[%clk
00:35:40]} {[%emt 00:00:01]} d5 {[%clk 00:44:00]} {[%emt 00:00:20]} 36. Kf2
{[%clk 00:35:04]} {[%emt 00:00:40]} dxc4 {[%clk 00:43:35]} {[%emt 00:00:30]}
37. Nxc4 {[%clk 00:33:20]} {[%emt 00:01:50]} b5 {[%clk 00:43:30]} {[%emt
00:00:10]} 0-1

[Event "DVM U10 2023"]
[Site "Magdeburg GER"]
[Date "2023.12.29"]
[Round "7"]
[White "Sauer, Ben"]
[Black "Heins, Simon"]
[Result "0-1"]
[Termination "normal"]
[Board "7.1"]
[WhiteElo "1429"]
[BlackElo "1377"]
[WhiteClock "00:27:01"]
[BlackClock "00:43:00"]
[WhiteTeam "Schachzentrum Bemerode"]
[BlackTeam "Hamburger SK 1830"]
[PlyCount "70"]
[WhiteFideId "34606866"]
[BlackFideId "34660194"]
[EventCountry "GER"]
[EventRounds "7"]
[EventType "team-swiss"]
[EventDate "2023.12.27"]

1. e4 {[%clk 00:55:08]} {[%emt 00:00:01]} c5 {[%clk 00:54:59]} {[%emt
00:00:12]} 2. Nf3 {[%clk 00:55:07]} {[%emt 00:00:05]} Nc6 {[%clk 00:54:58]}
{[%emt 00:00:06]} 3. d4 {[%clk 00:55:07]} {[%emt 00:00:05]} cxd4 {[%clk
00:54:58]} {[%emt 00:00:06]} 4. Nxd4 {[%clk 00:55:07]} {[%emt 00:00:04]} Nf6
{[%clk 00:54:54]} {[%emt 00:00:09]} 5. Nc3 {[%clk 00:54:54]} {[%emt 00:00:19]}
e5 {[%clk 00:54:53]} {[%emt 00:00:05]} 6. Ndb5 {[%clk 00:54:49]} {[%emt
00:00:10]} d6 {[%clk 00:54:52]} {[%emt 00:00:06]} 7. Nd5 {[%clk 00:54:35]}
{[%emt 00:00:20]} Nxd5 {[%clk 00:53:45]} {[%emt 00:01:12]} 8. exd5 {[%clk
00:54:32]} {[%emt 00:00:08]} Ne7 {[%clk 00:53:07]} {[%emt 00:00:42]} 9. c4
{[%clk 00:54:13]} {[%emt 00:00:24]} Ng6 {[%clk 00:52:23]} {[%emt 00:00:50]} 10.
Be2 {[%clk 00:53:10]} {[%emt 00:01:07]} Be7 {[%clk 00:52:19]} {[%emt 00:00:09]}
11. Be3 {[%clk 00:52:47]} {[%emt 00:00:29]} O-O {[%clk 00:52:03]} {[%emt
00:00:21]} 12. O-O {[%clk 00:52:34]} {[%emt 00:00:17]} a6 {[%clk 00:50:48]}
{[%emt 00:01:21]} 13. Nc3 {[%clk 00:51:39]} {[%emt 00:00:59]} Bd7 {[%clk
00:50:36]} {[%emt 00:00:16]} 14. Qc2 {[%clk 00:48:41]} {[%emt 00:03:04]} f5
{[%clk 00:49:58]} {[%emt 00:00:43]} 15. f3 {[%clk 00:48:14]} {[%emt 00:00:33]}
Bg5 {[%clk 00:49:30]} {[%emt 00:00:32]} 16. Qd2 {[%clk 00:42:59]} {[%emt
00:05:20]} Bxe3+ {[%clk 00:47:03]} {[%emt 00:02:32]} 17. Qxe3 {[%clk 00:42:58]}
{[%emt 00:00:07]} Nf4 {[%clk 00:46:59]} {[%emt 00:00:09]} 18. Rac1 {[%clk
00:39:35]} {[%emt 00:03:28]} Qg5 {[%clk 00:46:39]} {[%emt 00:00:24]} 19. Kf2
{[%clk 00:34:06]} {[%emt 00:05:35]} Qxg2+ {[%clk 00:46:21]} {[%emt 00:00:23]}
20. Ke1 {[%clk 00:33:58]} {[%emt 00:00:12]} Qxh2 {[%clk 00:45:47]} {[%emt
00:00:40]} 21. Kd2 {[%clk 00:33:40]} {[%emt 00:00:23]} Ng2 {[%clk 00:45:20]}
{[%emt 00:00:31]} 22. Qd3 {[%clk 00:31:47]} {[%emt 00:01:58]} Qf4+ {[%clk
00:45:18]} {[%emt 00:00:08]} 23. Kc2 {[%clk 00:31:32]} {[%emt 00:00:19]} Ne3+
{[%clk 00:45:16]} {[%emt 00:00:07]} 24. Kb1 {[%clk 00:31:24]} {[%emt 00:00:13]}
Nxf1 {[%clk 00:45:15]} {[%emt 00:00:06]} 25. Rxf1 {[%clk 00:31:19]} {[%emt
00:00:10]} b5 {[%clk 00:44:10]} {[%emt 00:01:10]} 26. b3 {[%clk 00:28:27]}
{[%emt 00:02:57]} bxc4 {[%clk 00:44:05]} {[%emt 00:00:11]} 27. Qxc4 {[%clk
00:28:23]} {[%emt 00:00:09]} Qxc4 {[%clk 00:44:02]} {[%emt 00:00:08]} 28. Bxc4
{[%clk 00:28:19]} {[%emt 00:00:08]} Rfb8 {[%clk 00:43:45]} {[%emt 00:00:21]}
29. f4 {[%clk 00:27:50]} {[%emt 00:00:35]} e4 {[%clk 00:43:30]} {[%emt
00:00:21]} 30. Ne2 {[%clk 00:27:44]} {[%emt 00:00:10]} Bb5 {[%clk 00:43:27]}
{[%emt 00:00:09]} 31. Bxb5 {[%clk 00:27:40]} {[%emt 00:00:08]} Rxb5 {[%clk
00:43:27]} {[%emt 00:00:05]} 32. Nd4 {[%clk 00:27:34]} {[%emt 00:00:11]} Rxd5
{[%clk 00:43:21]} {[%emt 00:00:11]} 33. Rd1 {[%clk 00:27:25]} {[%emt 00:00:14]}
e3 {[%clk 00:43:15]} {[%emt 00:00:11]} 34. Kc2 {[%clk 00:27:07]} {[%emt
00:00:23]} e2 {[%clk 00:43:03]} {[%emt 00:00:17]} 35. Nxe2 {[%clk 00:27:01]}
{[%emt 00:00:11]} Rc8+ {[%clk 00:43:00]} {[%emt 00:00:08]} 0-1

[Event "DVM U10 2023"]
[Site "Magdeburg GER"]
[Date "2023.12.29"]
[Round "7"]
[White "Marx, Jakob"]
[Black "Schäfer, Amadeus"]
[Result "1-0"]
[Termination "normal"]
[Board "7.2"]
[WhiteElo "1459"]
[BlackElo "1432"]
[WhiteClock "00:48:59"]
[BlackClock "00:41:07"]
[WhiteTeam "Hamburger SK 1830"]
[BlackTeam "Schachzentrum Bemerode"]
[PlyCount "35"]
[WhiteFideId "34642722"]
[BlackFideId "34660585"]
[EventCountry "GER"]
[EventRounds "7"]
[EventType "team-swiss"]
[EventDate "2023.12.27"]

1. e4 {[%clk 00:55:04]} {[%emt 00:00:05]} c5 {[%clk 00:55:08]} {[%emt
00:00:03]} 2. Nf3 {[%clk 00:55:01]} {[%emt 00:00:06]} e6 {[%clk 00:55:10]}
{[%emt 00:00:04]} 3. d4 {[%clk 00:54:59]} {[%emt 00:00:08]} cxd4 {[%clk
00:55:11]} {[%emt 00:00:04]} 4. Nxd4 {[%clk 00:54:57]} {[%emt 00:00:06]} a6
{[%clk 00:55:09]} {[%emt 00:00:07]} 5. Bd3 {[%clk 00:54:52]} {[%emt 00:00:10]}
Nc6 {[%clk 00:55:09]} {[%emt 00:00:05]} 6. Nb3 {[%clk 00:54:44]} {[%emt
00:00:14]} Nf6 {[%clk 00:54:54]} {[%emt 00:00:19]} 7. Nc3 {[%clk 00:54:41]}
{[%emt 00:00:09]} d6 {[%clk 00:54:49]} {[%emt 00:00:10]} 8. O-O {[%clk
00:54:30]} {[%emt 00:00:15]} Be7 {[%clk 00:54:47]} {[%emt 00:00:07]} 9. Bd2
{[%clk 00:54:23]} {[%emt 00:00:12]} O-O {[%clk 00:54:35]} {[%emt 00:00:17]} 10.
f4 {[%clk 00:54:11]} {[%emt 00:00:17]} Qb6+ {[%clk 00:53:39]} {[%emt 00:01:01]}
11. Kh1 {[%clk 00:54:07]} {[%emt 00:00:09]} e5 {[%emt 00:00:22]} 12. Qe1 {[%clk
00:52:38]} {[%emt 00:01:33]} Qc7 {[%clk 00:52:06]} {[%emt 00:01:22]} 13. f5
{[%clk 00:51:55]} {[%emt 00:00:48]} Rb8 {[%clk 00:47:02]} {[%emt 00:05:10]} 14.
h3 {[%clk 00:51:24]} {[%emt 00:00:35]} g6 {[%clk 00:45:04]} {[%emt 00:02:03]}
15. Bh6 {[%clk 00:50:20]} {[%emt 00:01:09]} Rd8 {[%clk 00:44:43]} {[%emt
00:00:27]} 16. Nd5 {[%clk 00:49:34]} {[%emt 00:00:51]} Nxd5 {[%clk 00:42:05]}
{[%emt 00:02:43]} 17. exd5 {[%clk 00:49:33]} {[%emt 00:00:06]} Na7 {[%clk
00:41:07]} {[%emt 00:01:03]} 18. Qf2 {[%clk 00:48:59]} {[%emt 00:00:37]} 1-0

[Event "DVM U10 2023"]
[Site "Magdeburg GER"]
[Date "2023.12.29"]
[Round "7"]
[White "Danisch, Bennett Laif"]
[Black "Winklmann, Alexander"]
[Result "0-1"]
[Termination "normal"]
[Board "7.3"]
[WhiteElo "947"]
[BlackElo "917"]
[WhiteClock "00:52:42"]
[BlackClock "00:49:30"]
[WhiteTeam "Schachzentrum Bemerode"]
[BlackTeam "Hamburger SK 1830"]
[PlyCount "26"]
[WhiteFideId "34686118"]
[EventCountry "GER"]
[EventRounds "7"]
[EventType "team-swiss"]
[EventDate "2023.12.27"]

1. e4 {[%clk 00:55:07]} {[%emt 00:00:02]} e5 {[%clk 00:55:02]} {[%emt
00:00:08]} 2. Nf3 {[%clk 00:55:07]} {[%emt 00:00:05]} Nc6 {[%clk 00:55:02]}
{[%emt 00:00:06]} 3. Nc3 {[%clk 00:55:04]} {[%emt 00:00:07]} Nf6 {[%clk
00:54:58]} {[%emt 00:00:09]} 4. Bb5 {[%clk 00:54:57]} {[%emt 00:00:13]} Bb4
{[%clk 00:54:03]} {[%emt 00:01:00]} 5. Bxc6 {[%clk 00:54:52]} {[%emt 00:00:10]}
bxc6 {[%clk 00:53:56]} {[%emt 00:00:12]} 6. Nxe5 {[%clk 00:54:48]} {[%emt
00:00:09]} d6 {[%clk 00:52:59]} {[%emt 00:00:59]} 7. Nxc6 {[%clk 00:54:42]}
{[%emt 00:00:13]} Qd7 {[%clk 00:51:54]} {[%emt 00:01:10]} 8. Nxb4 {[%clk
00:54:37]} {[%emt 00:00:10]} Qe6 {[%clk 00:51:25]} {[%emt 00:00:33]} 9. d3
{[%clk 00:54:11]} {[%emt 00:00:33]} O-O {[%clk 00:50:34]} {[%emt 00:00:56]} 10.
O-O {[%clk 00:53:59]} {[%emt 00:00:16]} Ng4 {[%clk 00:50:12]} {[%emt 00:00:24]}
11. d4 {[%clk 00:53:03]} {[%emt 00:01:04]} c5 {[%clk 00:49:46]} {[%emt
00:00:29]} 12. d5 {[%clk 00:52:52]} {[%emt 00:00:17]} Qe5 {[%clk 00:49:32]}
{[%emt 00:00:19]} 13. h3 {[%clk 00:52:42]} {[%emt 00:00:16]} Qh2# {[%clk
00:49:30]} {[%emt 00:00:08]} 0-1

[Event "DVM U10 2023"]
[Site "Magdeburg GER"]
[Date "2023.12.29"]
[Round "7"]
[White "Wengler, Linus"]
[Black "Goyush, Shams"]
[Result "1-0"]
[Termination "normal"]
[Board "7.4"]
[WhiteElo "777"]
[BlackElo "1091"]
[WhiteClock "00:39:53"]
[BlackClock "00:30:16"]
[WhiteTeam "Hamburger SK 1830"]
[BlackTeam "Schachzentrum Bemerode"]
[PlyCount "61"]
[EventCountry "GER"]
[EventRounds "7"]
[EventType "team-swiss"]
[EventDate "2023.12.27"]

1. e4 {[%clk 00:55:08]} {[%emt 00:00:02]} e5 {[%clk 00:55:05]} {[%emt
00:00:06]} 2. Nf3 {[%clk 00:55:08]} {[%emt 00:00:05]} Nc6 {[%clk 00:55:00]}
{[%emt 00:00:08]} 3. Bc4 {[%clk 00:55:00]} {[%emt 00:00:13]} Bc5 {[%clk
00:54:53]} {[%emt 00:00:13]} 4. O-O {[%clk 00:54:49]} {[%emt 00:00:16]} Nf6
{[%clk 00:54:49]} {[%emt 00:00:09]} 5. Nc3 {[%clk 00:54:46]} {[%emt 00:00:09]}
O-O {[%clk 00:54:38]} {[%emt 00:00:16]} 6. d3 {[%clk 00:54:37]} {[%emt
00:00:13]} h6 {[%clk 00:54:40]} {[%emt 00:00:02]} 7. Qd2 {[%clk 00:54:09]}
{[%emt 00:00:34]} d6 {[%clk 00:54:25]} {[%emt 00:00:21]} 8. h3 {[%clk
00:54:04]} {[%emt 00:00:09]} a6 {[%clk 00:52:54]} {[%emt 00:01:37]} 9. Nd5
{[%clk 00:52:50]} {[%emt 00:01:19]} b5 {[%clk 00:51:41]} {[%emt 00:01:18]} 10.
Nxf6+ {[%clk 00:52:30]} {[%emt 00:00:25]} Qxf6 {[%clk 00:51:24]} {[%emt
00:00:19]} 11. Bd5 {[%clk 00:52:07]} {[%emt 00:00:29]} Bd7 {[%clk 00:49:57]}
{[%emt 00:01:29]} 12. a3 {[%clk 00:51:27]} {[%emt 00:00:48]} Rab8 {[%clk
00:48:42]} {[%emt 00:01:19]} 13. b4 {[%clk 00:49:57]} {[%emt 00:01:37]} Bb6
{[%clk 00:46:49]} {[%emt 00:01:57]} 14. Qc3 {[%clk 00:49:14]} {[%emt 00:00:47]}
Nd4 {[%clk 00:45:16]} {[%emt 00:01:39]} 15. Nxd4 {[%clk 00:49:01]} {[%emt
00:00:18]} Bxd4 {[%clk 00:43:39]} {[%emt 00:01:42]} 16. Qxc7 {[%clk 00:48:40]}
{[%emt 00:00:26]} Bxa1 {[%clk 00:42:52]} {[%emt 00:00:53]} 17. Qxd7 {[%clk
00:48:21]} {[%emt 00:00:23]} Rfd8 {[%clk 00:41:59]} {[%emt 00:00:57]} 18. Qc6
{[%clk 00:47:47]} {[%emt 00:00:38]} Ra8 {[%clk 00:41:16]} {[%emt 00:00:50]} 19.
Qb6 {[%clk 00:47:17]} {[%emt 00:00:30]} Bd4 {[%clk 00:40:09]} {[%emt 00:01:17]}
20. Qa5 {[%clk 00:46:54]} {[%emt 00:00:28]} Rdb8 {[%clk 00:39:40]} {[%emt
00:00:35]} 21. Bxa8 {[%clk 00:46:43]} {[%emt 00:00:16]} Rxa8 {[%clk 00:39:17]}
{[%emt 00:00:28]} 22. Be3 {[%clk 00:45:29]} {[%emt 00:01:19]} Bxe3 {[%clk
00:38:34]} {[%emt 00:00:47]} 23. fxe3 {[%clk 00:45:25]} {[%emt 00:00:10]} Qg5
{[%clk 00:38:16]} {[%emt 00:00:22]} 24. Qb6 {[%clk 00:44:42]} {[%emt 00:00:46]}
Qe7 {[%clk 00:37:52]} {[%emt 00:00:31]} 25. Qc6 {[%clk 00:44:01]} {[%emt
00:00:47]} Qd8 {[%clk 00:36:00]} {[%emt 00:01:54]} 26. Qb7 {[%clk 00:43:33]}
{[%emt 00:00:35]} Qb8 {[%clk 00:35:45]} {[%emt 00:00:18]} 27. Qxf7+ {[%clk
00:43:26]} {[%emt 00:00:16]} Kh8 {[%clk 00:35:27]} {[%emt 00:00:20]} 28. Qg6
{[%clk 00:42:16]} {[%emt 00:01:13]} Qg8 {[%clk 00:32:11]} {[%emt 00:03:23]} 29.
Qxd6 {[%clk 00:41:35]} {[%emt 00:00:48]} Qe8 {[%clk 00:31:35]} {[%emt
00:00:39]} 30. Rf5 {[%clk 00:40:26]} {[%emt 00:01:08]} Qg8 {[%clk 00:30:16]}
{[%emt 00:01:31]} 31. Qxe5 {[%clk 00:39:53]} {[%emt 00:00:38]} 1-0